000 00573nam a22001817a 4500
005 20251108164908.0
008 250721s1996 xx 000 0 ara d
082 1 4 _a646.4/عاي
100 1 _aالرواجبة، عايدة أحمد
245 1 0 _a55 طريقة لعمل ملابس و أمتعة و لعب الأطفال /
264 1 _aعمان :
_bدار الإسراء للنشر و التوزيع،
_c1996.
300 _a96ص
490 0 _aلك سيدتي
650 1 7 _aالخياطة
650 1 7 _aملابس الأطفال
942 _2ddc
_cBK
999 _c16895
_d16895